[Event "16th Corsica Masters KO"]
[Site "Bastia FRA"]
[Date "2012.10.28"]
[Round "1.1"]
[White "Brkic, A."]
[Black "Fier, A."]
[Result "1-0"]
[WhiteElo "2575"]
[BlackElo "2563"]
[PlyCount "85"]
[EventDate "2012.10.28"]
[SourceDate "1999.07.01"]

1. e4 c5 2. Nf3 e6 3. d4 cxd4 4. Nxd4 Nf6 5. Nc3 d6 6. Be3 Be7 7. f3 O-O 8. Qd2
e5 9. Nb3 Be6 10. O-O-O a5 11. a4 Nc6 12. g4 Nb4 13. Kb1 Rc8 14. g5 Nh5 15. Rg1
Qc7 16. Qf2 Nf4 17. Bb6 Qb8 18. Bxa5 Rxc3 19. bxc3 Nc6 20. Bb6 d5 21. Bc5 b6
22. Bxe7 Nxe7 23. Kb2 Rc8 24. exd5 Nexd5 25. c4 Ne7 26. Qd2 g6 27. Qd6 Qa7 28.
Qxe5 b5 29. axb5 Qxg1 30. Qxf4 Qf2 31. Bd3 Nf5 32. Bxf5 gxf5 33. Rd2 Qf1 34. b6
Qxc4 35. Qxc4 Bxc4 36. b7 Rb8 37. Na5 Ba6 38. Rd7 f4 39. c4 Kg7 40. c5 Be2 41.
Nc6 Rxb7+ 42. Rxb7 Bxf3 43. Rb6 1-0

[Event "Bundesliga 2012-13"]
[Site "Griesheim GER"]
[Date "2012.10.21"]
[Round "2"]
[White "Tazbir, M."]
[Black "Babula, V."]
[Result "1/2-1/2"]
[WhiteElo "2555"]
[BlackElo "2585"]
[PlyCount "74"]
[EventDate "2012.10.20"]
[EventType "team"]
[SourceDate "1999.07.01"]
[WhiteTeam "Wiesbadener SV"]
[BlackTeam "SV Werder Bremen"]

1. e4 c5 2. Nf3 d6 3. d4 cxd4 4. Nxd4 Nf6 5. Nc3 e6 6. g4 h6 7. h3 Nc6 8. Be3
a6 9. f4 d5 10. e5 Nd7 11. Qd2 g5 12. fxg5 Ndxe5 13. O-O-O hxg5 14. Bxg5 Qxg5
15. Qxg5 Bh6 16. Qxh6 Rxh6 17. Bg2 Bd7 18. Rhe1 O-O-O 19. Nxc6 Nxc6 20. Ne2 Rg8
21. Nf4 Rg5 22. Rd2 f5 23. Bf3 fxg4 24. Bxg4 Ne5 25. Bd1 Rf5 26. Nd3 Nf3 27.
Bxf3 Rxf3 28. c4 Rhxh3 29. Ne5 Re3 30. Rxe3 Rxe3 31. Nxd7 Kxd7 32. cxd5 e5 33.
d6 Re1+ 34. Kc2 e4 35. Rd4 e3 36. Kd3 e2 37. Re4 Kxd6 1/2-1/2

[Event "12th World Uni Men"]
[Site "Guimaraes POR"]
[Date "2012.08.22"]
[Round "6.3"]
[White "Tomczak, J."]
[Black "Czarnota, P."]
[Result "1/2-1/2"]
[WhiteElo "2560"]
[BlackElo "2535"]
[PlyCount "99"]
[EventDate "2012.08.20"]
[SourceDate "1999.07.01"]

1. e4 c5 2. Nf3 d6 3. d4 cxd4 4. Nxd4 Nf6 5. Nc3 e6 6. Be3 Be7 7. g4 a6 8. Bg2
Nfd7 9. O-O Nc6 10. Nb3 Nce5 11. Nd2 g5 12. h3 b5 13. a4 b4 14. Ne2 h5 15. gxh5
Rxh5 16. f4 gxf4 17. Nxf4 Rh7 18. Nf3 Bb7 19. Nxe5 Nxe5 20. Nd3 Qa5 21. Nxe5
Qxe5 22. Qd4 Qxd4 23. Bxd4 Rc8 24. Rf2 Rc4 25. Bb6 Bxe4 26. b3 Bxg2 27. bxc4
Bc6 28. Kh2 Rh4 29. Rg1 f5 30. Rg6 Kf7 31. Rg4 Bxa4 32. Rxh4 Bxh4 33. Re2 b3
34. cxb3 Bxb3 35. c5 dxc5 36. Bxc5 a5 37. Rd2 Bf6 38. Rd7+ Kg6 39. Bd4 e5 40.
Bc3 a4 41. Rd6 Kf7 42. Ra6 f4 43. h4 Bxh4 44. Bxe5 f3 45. Rh6 Bg5 46. Rh3 Bd5
47. Bd4 a3 48. Kg3 Bf6 49. Bxf6 Kxf6 50. Rh6+ 1/2-1/2

[Event "27th Schwarzacher Open"]
[Site "Schwarzach AUT"]
[Date "2012.08.23"]
[Round "6.1"]
[White "Palac, M."]
[Black "Zelcic, R."]
[Result "1/2-1/2"]
[WhiteElo "2599"]
[BlackElo "2552"]
[PlyCount "23"]
[EventDate "2012.08.18"]
[SourceDate "1999.07.01"]

1. e4 c5 2. Nf3 d6 3. d4 cxd4 4. Nxd4 Nf6 5. Nc3 e6 6. g3 Nc6 7. Bg2 Nxd4 8.
Qxd4 Be7 9. Be3 O-O 10. O-O-O a6 11. e5 dxe5 12. Qxe5 1/2-1/2